ODPM Circular 08/05 (Record no. 104586)
[ view plain ]
| 000 -LEADER | |
|---|---|
| fixed length control field | 01318cam a2200217 4500 |
| 001 - CONTROL NUMBER | |
| control field | L130829 |
| 008 - FIXED-LENGTH DATA ELEMENTS--GENERAL INFORMATION | |
| fixed length control field | 050902n2005 000 0 eng u |
| 035 ## - SYSTEM CONTROL NUMBER | |
| System control number | (Sirsi) u130829 |
| 041 0# - LANGUAGE CODE | |
| Language code of text/sound track or separate title | eng |
| 110 ## - MAIN ENTRY--CORPORATE NAME | |
| Corporate name or jurisdiction name as entry element | Office of the Deputy Prime Minister |
| 9 (RLIN) | 4685 |
| 245 ## - TITLE STATEMENT | |
| Title | ODPM Circular 08/05 |
| Remainder of title | guidance on changes to the development control system |
| 260 ## - PUBLICATION, DISTRIBUTION, ETC. | |
| Date of publication, distribution, etc. | 2005 |
| 490 ## - SERIES STATEMENT | |
| Series statement | ODPM Circular |
| 520 ## - SUMMARY, ETC. | |
| Summary, etc. | Provides guidance on the operation of the development control system provisions commenced on 24 August 2005 which are contained in Part IV of the Planning and Compulsory Purchase Act 2004. The Circular covers: powers to decline to determine applications; the duration of permission and consent; the duty to respond to the consultation, and regional planning bodies as statutory consultees. The guidance in this Circular only relates to England. A further circular will be issued when measures are commenced in relation to Wales. |
| 590 ## - LOCAL NOTE (RLIN) | |
| Local note | IKA130905 |
| 650 ## - SUBJECT ADDED ENTRY--TOPICAL TERM | |
| Topical term or geographic name entry element | PLANNING AND COMPULSORY PURCHASE ACT 2004 PART V |
| 650 ## - SUBJECT ADDED ENTRY--TOPICAL TERM | |
| Topical term or geographic name entry element | ODPM CIRCULAR 08/2005 |
| 690 ## - LOCAL SUBJECT ADDED ENTRY--TOPICAL TERM (OCLC, RLIN) | |
| Topical term or geographic name as entry element | ENVIRONMENTAL AND LAND CONSULTANCY-PLANNING AND DEVELOPMENT-DEVELOPMENT CONTROL |
| 856 ## - ELECTRONIC LOCATION AND ACCESS | |
| Uniform Resource Identifier | <a href="https://www.communities.gov.uk/documents/planningandbuilding/pdf/147564.pdf">https://www.communities.gov.uk/documents/planningandbuilding/pdf/147564.pdf</a> |
| Public note | View the item free of charge at www.communities.gov.uk |
| 942 ## - ADDED ENTRY ELEMENTS (KOHA) | |
| Suppress in OPAC | 0 |
| Withdrawn status | Lost status | Source of classification or shelving scheme | Damaged status | Not for loan | Home library | Current library | Shelving location | Date acquired | Total Checkouts | Full call number | Barcode | Date last seen | Copy number | Price effective from | Koha item type |
|---|---|---|---|---|---|---|---|---|---|---|---|---|---|---|---|
| Dewey Decimal Classification | Virtual | Virtual | Online | 02/09/2005 | ONLINE PUBLICATION | 130829-2001 | 06/08/2019 | 1 | 06/08/2019 | Book |